[Event "55th Hoogovens it"]
[Site "Wijk aan Zee NED"]
[Date "1993.01.??"]
[Round "2.5"]
[White "Christiansen, Larry"]
[Black "Karpov, Anatoly"]
[Result "1/2-1/2"]
[WhiteElo "2620"]
[BlackElo "2725"]
[EventDate "1993.01.14"]
[PlyCount "72"]

1. Nf3 Nf6 2. c4 e6 3. Nc3 Bb4 4. Qc2 d6 5. d4 Nbd7 6. Bg5 b6 7. e3 Bb7 8. Bd3 h6 9. Bh4 Bxc3+ 10. bxc3 Qe7 11. e4 e5 12. Nd2 g5 13. Bg3 Nh5 14. O-O-O Nf4 15. Bxf4 gxf4 16. g3 Qf6 17. d5 Nc5 18. Nb3 Bc8 19. Nxc5 bxc5 20. Qe2 Bd7 21. Kd2 Rb8 22. Rb1 Rb6 23. gxf4 Qxf4+ 24. Qe3 Ke7 25. Qxf4 exf4 26. Rhg1 Kf6 27. Rb3 Rhb8 28. Bc2 a5 29. f3 a4 30. Rxb6 cxb6 31. a3 Rh8 32. Bd3 Rb8 33. Be2 Re8 34. Rb1 Rb8 35. Bd3 Ke5 36. Rg1 Kf6 1/2-1/2

[Event "55th Hoogovens it"]
[Site "Wijk aan Zee NED"]
[Date "1993.01.??"]
[Round "2.6"]
[White "Karpov, Anatoly"]
[Black "Christiansen, Larry"]
[Result "1-0"]
[WhiteElo "2725"]
[BlackElo "2620"]
[EventDate "1993.01.14"]
[PlyCount "103"]

1. d4 Nf6 2. c4 e6 3. Nf3 b6 4. g3 Ba6 5. b3 b5 6. cxb5 Bxb5 7. Bg2 Bb4+ 8. Bd2 a5 9. O-O O-O 10. a3 Be7 11. Nc3 Ba6 12. Qc2 d5 13. Rfc1 Nbd7 14. e4 c5 15. exd5 exd5 16. Be3 Rc8 17. Qd1 Re8 18. Bh3 Rb8 19. Bf4 Rb7 20. Ne5 Bf8 21. Nxd7 Nxd7 22. Nxd5 Be2 23. Qd2 Bf3 24. Bg2 Bxg2 25. Kxg2 Rxb3 26. Nc7 g5 27. Nxe8 gxf4 28. Re1 fxg3 29. hxg3 c4 30. Qf4 Rb6 31. d5 c3 32. d6 Rb5 33. Nc7 Rg5 34. Re8 Qf6 35. Qxf6 Nxf6 36. Rd8 Kg7 37. Kf3 Rc5 38. Rc1 c2 39. Ke3 Ng4+ 40. Kd4 Bxd6 41. Ne8+ Kg6 42. Rxd6+ f6 43. Kxc5 Nxf2 44. Rxf6+ Kg5 45. Rxf2 Kg4 46. Rcxc2 h5 47. Rc3 a4 48. Rf4+ Kh3 49. Nf6 h4 50. gxh4+ Kg2 51. Ng4 Kg1 52. Rf2 1-0

[Event "55th Hoogovens it"]
[Site "Wijk aan Zee NED"]
[Date "1993.01.??"]
[Round "2.2"]
[White "Sokolov, Ivan"]
[Black "Oll, Lembit"]
[Result "1-0"]
[WhiteElo "2640"]
[BlackElo "2585"]
[EventDate "1993.01.14"]
[PlyCount "65"]

1. d4 d5 2. c4 c6 3. Nc3 Nf6 4. Nf3 e6 5. Bg5 dxc4 6. e4 b5 7. e5 h6 8. Bh4 g5 9. Nxg5 hxg5 10. Bxg5 Nbd7 11. g3 Bb7 12. Bg2 Qb6 13. exf6 O-O-O 14. O-O c5 15. d5 b4 16. Na4 Qb5 17. a3 Nb8 18. axb4 cxb4 19. Qg4 Bxd5 20. Rfc1 Nc6 21. Bxd5 Rxd5 22. Rxc4 Kd7 23. Rac1 Rxg5 24. Qe4 Nd8 25. Qd4+ Ke8 26. Qxa7 Qa5 27. Qb8 Qxa4 28. Rd4 Rd5 29. Rxd5 exd5 30. Qc8 Qd7 31. Re1+ Qe6 32. Rxe6+ fxe6 33. f7+ 1-0

[Event "55th Hoogovens it"]
[Site "Wijk aan Zee NED"]
[Date "1993.01.??"]
[Round "2.1"]
[White "Hansen, Curt"]
[Black "Lobron, Eric"]
[Result "1/2-1/2"]
[WhiteElo "2610"]
[BlackElo "2620"]
[EventDate "1993.01.14"]
[PlyCount "108"]

1. d4 Nf6 2. Nf3 e6 3. c4 b6 4. g3 Ba6 5. b3 b5 6. cxb5 Bxb5 7. Bg2 Bb4+ 8. Bd2 a5 9. O-O O-O 10. Bg5 d5 11. a3 Be7 12. Nc3 Ba6 13. Ne5 Nfd7 14. Bxe7 Qxe7 15. Nxd7 Nxd7 16. Re1 c6 17. e4 Qd6 18. Qc2 Rfc8 19. Na4 Rab8 20. Nc5 Nxc5 21. dxc5 Qc7 22. Qc3 Rd8 23. Rad1 h6 24. h4 Bb5 25. Kh2 dxe4 26. Bxe4 a4 27. b4 Rd7 28. Rxd7 Qxd7 29. Bc2 Rd8 30. Qf3 Qe7 31. Rd1 Rd5 32. Be4 Rxd1 33. Qxd1 Qf6 34. Kg2 g6 35. Qd6 Qa1 36. Bd3 Bxd3 37. Qxd3 Kg7 38. Qf3 e5 39. Qxc6 Qxa3 40. Qd5 Qc3 41. c6 e4 42. b5 e3 43. fxe3 a3 44. Kh3 Qa1 45. c7 a2 46. c8=Q Qf1+ 47. Qg2 a1=Q 48. Qcc6 Qf5+ 49. Kh2 Qae5 50. b6 Qg4 51. Qh3 Qb2+ 52. Qhg2 Qe5 53. Qh3 Qb2+ 54. Qhg2 Qe5 1/2-1/2

[Event "55th Hoogovens it"]
[Site "Wijk aan Zee NED"]
[Date "1993.01.??"]
[Round "2.2"]
[White "Lobron, Eric"]
[Black "Hansen, Curt"]
[Result "1-0"]
[WhiteElo "2620"]
[BlackElo "2610"]
[EventDate "1993.01.14"]
[PlyCount "69"]

1. d4 Nf6 2. c4 e6 3. Nf3 d5 4. Nc3 c5 5. cxd5 Nxd5 6. e4 Nxc3 7. bxc3 cxd4 8. cxd4 Bb4+ 9. Bd2 Bxd2+ 10. Qxd2 O-O 11. Bc4 Nd7 12. O-O b6 13. Rfe1 Bb7 14. Re3 Rc8 15. Bd3 Qc7 16. Rae1 Nf6 17. e5 Nd5 18. Ng5 h6 19. Rh3 Qe7 20. Nh7 Rc7 21. Nxf8 Kxf8 22. Be4 b5 23. a3 Rc4 24. Rc1 Qc7 25. Rxc4 Qxc4 26. Rg3 a5 27. Bxd5 Bxd5 28. Rc3 Qa4 29. Rc8+ Ke7 30. Qc1 Bc4 31. h4 Qb3 32. Rc7+ Ke8 33. Ra7 a4 34. d5 exd5 35. e6 1-0

[Event "55th Hoogovens it"]
[Site "Wijk aan Zee NED"]
[Date "1993.01.??"]
[Round "3.2"]
[White "Nunn, John Denis Martin"]
[Black "Karpov, Anatoly"]
[Result "1/2-1/2"]
[WhiteElo "2580"]
[BlackElo "2725"]
[EventDate "1993.01.14"]
[PlyCount "59"]

1. e4 e6 2. d4 d5 3. Nc3 dxe4 4. Nxe4 Bd7 5. c4 Bc6 6. Nc3 Nf6 7. Nf3 Bxf3 8. Qxf3 c6 9. Be3 Nbd7 10. Be2 Bd6 11. O-O O-O 12. c5 Bc7 13. b4 a6 14. a4 Re8 15. b5 axb5 16. axb5 Ba5 17. bxc6 bxc6 18. Ne4 Nd5 19. Nd6 Rf8 20. Bc4 N7f6 21. Bg5 Qd7 22. Rfb1 Bc7 23. Rxa8 Rxa8 24. Bxf6 Nxf6 25. Rb7 Ne8 26. Nxe8 Rxe8 27. g3 g6 28. Kg2 Kg7 29. Qc3 Ba5 30. Qb2 1/2-1/2

[Event "55th Hoogovens it"]
[Site "Wijk aan Zee NED"]
[Date "1993.01.??"]
[Round "3.1"]
[White "Hodgson, Julian Michael"]
[Black "Illescas Cordoba, Miguel"]
[Result "0-1"]
[WhiteElo "2565"]
[BlackElo "2615"]
[EventDate "1993.01.14"]
[PlyCount "90"]

1. g3 e5 2. c4 c6 3. Bg2 Nf6 4. Nc3 d5 5. cxd5 cxd5 6. Qb3 Nc6 7. Nxd5 Nd4 8. Nxf6+ gxf6 9. Qd1 Qc7 10. Kf1 Nc2 11. Rb1 Be6 12. b3 Rc8 13. Bb2 Ba3 14. Bc3 Nb4 15. Bxb4 Bxb4 16. Nf3 O-O 17. Ne1 Rfd8 18. Nd3 Ba3 19. h3 Rd4 20. Ne1 Qa5 21. d3 Rd7 22. Kg1 Rdc7 23. b4 Bxb4 24. Kh2 Bxa2 25. Ra1 Bc3 26. Rc1 Bxe1 27. Rxc7 Rxc7 28. Rxe1 Bb3 29. Qb1 Bc2 30. Qc1 Kg7 31. Rf1 Bxd3 32. Qd1 Bc4 33. Bf3 Qc5 34. Qb1 b5 35. g4 a5 36. Kg2 Bd5 37. e4 Be6 38. h4 a4 39. g5 fxg5 40. hxg5 a3 41. Rh1 Rd7 42. Qg1 Rd2 43. Kg3 a2 44. Rh2 Qd4 45. Qh1 Kg8 0-1

[Event "55th Hoogovens it"]
[Site "Wijk aan Zee NED"]
[Date "1993.01.??"]
[Round "3.2"]
[White "Illescas Cordoba, Miguel"]
[Black "Hodgson, Julian Michael"]
[Result "1-0"]
[WhiteElo "2615"]
[BlackElo "2565"]
[EventDate "1993.01.14"]
[PlyCount "49"]

1. Nf3 d6 2. d4 Bg4 3. c4 Nd7 4. e4 e5 5. d5 Ngf6 6. Nc3 Nc5 7. h3 Bh5 8. Qe2 a5 9. g3 Be7 10. Bg2 c6 11. O-O cxd5 12. cxd5 O-O 13. Re1 a4 14. Qf1 Qa5 15. Bd2 Qa6 16. Nh4 Rfc8 17. Nf5 Bd8 18. Nb5 Ne8 19. b4 Nd7 20. Rec1 Rxc1 21. Rxc1 Kf8 22. Nbxd6 Be2 23. b5 Qxd6 24. Qxe2 Qa3 25. Rc4 1-0

[Event "55th Hoogovens it"]
[Site "Wijk aan Zee NED"]
[Date "1993.01.??"]
[Round "3.1"]
[White "Lobron, Eric"]
[Black "Salov, Valery"]
[Result "0-1"]
[WhiteElo "2620"]
[BlackElo "2660"]
[EventDate "1993.01.14"]
[PlyCount "62"]

1. e4 e5 2. Nf3 Nc6 3. Bb5 g6 4. c3 a6 5. Bc4 Bg7 6. d4 d6 7. Bg5 Qd7 8. O-O h6 9. Bh4 Nf6 10. Re1 O-O 11. Nbd2 Re8 12. a4 b6 13. Bf1 Bb7 14. d5 Ne7 15. a5 b5 16. c4 bxc4 17. Bxf6 Bxf6 18. Nxc4 Bg7 19. Ra4 f5 20. Rb4 Bc8 21. Nfd2 fxe4 22. Nxe4 Nf5 23. Qd3 Rf8 24. Rc1 Nd4 25. Ncd2 Qd8 26. Qc4 Rf7 27. Nb3 Nb5 28. Qc2 Bd7 29. Bxb5 Bxb5 30. Nc3 Be8 31. Qxg6 Rf4 0-1

[Event "55th Hoogovens it"]
[Site "Wijk aan Zee NED"]
[Date "1993.01.??"]
[Round "3.2"]
[White "Salov, Valery"]
[Black "Lobron, Eric"]
[Result "1-0"]
[WhiteElo "2660"]
[BlackElo "2620"]
[EventDate "1993.01.14"]
[PlyCount "95"]

1. Nf3 Nf6 2. c4 e6 3. g3 d5 4. d4 c5 5. Bg2 Nc6 6. O-O Be7 7. dxc5 Bxc5 8. a3 a5 9. cxd5 exd5 10. Bg5 O-O 11. Nc3 d4 12. Ne4 Be7 13. Bxf6 Bxf6 14. Nxf6+ Qxf6 15. Rc1 Re8 16. Qd3 Bf5 17. Qb5 Rab8 18. Rc5 Be4 19. Ne1 Qe7 20. Bxe4 Qxe4 21. Rc2 d3 22. Qxd3 Nd4 23. Qxe4 Rxe4 24. Rd2 Nb3 25. Rd3 Nc1 26. Rd7 Nxe2+ 27. Kg2 Nd4 28. Nd3 Ne6 29. Rc1 Rd4 30. Rxd4 Nxd4 31. Rc7 Ne6 32. Rd7 b5 33. f4 g6 34. Kf3 b4 35. axb4 axb4 36. Ne5 Nd8 37. Ke4 Kf8 38. Rxf7+ Nxf7 39. Nd7+ Ke7 40. Nxb8 Kd6 41. Na6 b3 42. Nb4 Nh6 43. Nd3 Ng4 44. h3 Nh2 45. g4 Nf1 46. Ne5 Ng3+ 47. Kd3 Kd5 48. Nd7 1-0

[Event "55th Hoogovens it"]
[Site "Wijk aan Zee NED"]
[Date "1993.01.??"]
[Round "4.1"]
[White "Salov, Valery"]
[Black "Karpov, Anatoly"]
[Result "1/2-1/2"]
[WhiteElo "2660"]
[BlackElo "2725"]
[EventDate "1993.01.14"]
[PlyCount "134"]

1. d4 Nf6 2. c4 e6 3. Nf3 b6 4. g3 Ba6 5. Nbd2 Bb7 6. Bg2 c5 7. e4 cxd4 8. e5 Ne4 9. O-O Nxd2 10. Bxd2 Bxf3 11. Qxf3 Nc6 12. Qxc6 dxc6 13. Bxc6+ Qd7 14. Bxd7+ Kxd7 15. Rfe1 a5 16. Kf1 f5 17. Ke2 Kc6 18. Kd3 Bb4 19. Re2 Bxd2 20. Rxd2 Rhd8 21. b3 Rd7 22. h4 g6 23. a3 Rf8 24. f3 Rg8 25. Rb2 Ra8 26. Rh1 h6 27. Rhb1 Kc5 28. Ra2 Kc6 29. Rf2 Kc5 30. Ra1 Kc6 31. Rc2 Raa7 32. Rg1 Ra8 33. Rf2 Rf8 34. Rh2 h5 35. Rf2 Rh8 36. Ra2 Rf8 37. f4 Ra8 38. Rb1 Rda7 39. Rab2 Kc5 40. Ra1 Rd7 41. b4+ Kc6 42. a4 axb4 43. Rxb4 Ra6 44. Rab1 Rd8 45. R1b2 Rd7 46. R2b3 Rd8 47. Rb1 Rd7 48. Rb5 Rd8 49. R1b3 Rd7 50. R3b4 Rd8 51. a5 bxa5 52. Ra4 Rda8 53. Kxd4 Rd8+ 54. Kc3 Rda8 55. Kd3 Rd8+ 56. Kc2 Rda8 57. Kc3 R6a7 58. Rb1 Ra6 59. Rd1 Kc5 60. Rb1 Rb6 61. Rba1 Rba6 62. Rd1 R8a7 63. Rb1 Rb6 64. Rba1 Rba6 65. Rd1 Ra8 66. Rd7 R8a7 67. Rd2 Ra8 1/2-1/2

[Event "55th Hoogovens it"]
[Site "Wijk aan Zee NED"]
[Date "1993.01.??"]
[Round "4.2"]
[White "Karpov, Anatoly"]
[Black "Salov, Valery"]
[Result "1-0"]
[WhiteElo "2725"]
[BlackElo "2660"]
[EventDate "1993.01.14"]
[PlyCount "113"]

1. d4 d5 2. c4 c6 3. Nc3 dxc4 4. e4 e5 5. dxe5 Qxd1+ 6. Kxd1 b5 7. Be3 Nd7 8. f4 Bc5 9. Ke2 a5 10. Nf3 Ne7 11. f5 Bb6 12. Bxb6 Nxb6 13. Ke3 f6 14. exf6 gxf6 15. g4 b4 16. Nd1 h5 17. Rg1 hxg4 18. Rxg4 Kf7 19. Kf4 Ba6 20. Ne3 a4 21. a3 c3 22. bxc3 Bxf1 23. Rxf1 b3 24. Rfg1 Rag8 25. Rxg8 Rxg8 26. Rd1 Rb8 27. Ne1 Rh8 28. Kg3 Rg8+ 29. Kf2 Rh8 30. Nf3 Rb8 31. h4 b2 32. Rb1 Nd7 33. Nc4 Nc5 34. Ke3 Rd8 35. Nd4 Rh8 36. Nd6+ Kg8 37. Rxb2 Rxh4 38. Rb8+ Kh7 39. Re8 Ng8 40. Ne6 Nd7 41. Kd4 Rh1 42. Nc4 Rd1+ 43. Ke3 Re1+ 44. Kd3 Rd1+ 45. Ke2 Rc1 46. Kd2 Rg1 47. Ra8 Ne5 48. Nxe5 fxe5 49. Rxa4 Nf6 50. Nc5 Rg2+ 51. Kd3 Rg3+ 52. Kc2 Ng4 53. Ra7+ Kg8 54. Rd7 Ne3+ 55. Kb3 Rg1 56. a4 Rb1+ 57. Ka2 1-0

[Event "55th Hoogovens it"]
[Site "Wijk aan Zee NED"]
[Date "1993.01.??"]
[Round "4.1"]
[White "Illescas Cordoba, Miguel"]
[Black "Oll, Lembit"]
[Result "1-0"]
[WhiteElo "2615"]
[BlackElo "2585"]
[EventDate "1993.01.14"]
[PlyCount "77"]

1. c4 e6 2. Nc3 Bb4 3. Qb3 Ba5 4. d4 b6 5. Nf3 c5 6. dxc5 bxc5 7. Bf4 Nc6 8. O-O-O Nge7 9. Bd6 O-O 10. e3 Bb4 11. Nb5 Qb6 12. a3 Ba5 13. Qc2 a6 14. Nc3 Bxc3 15. Qxc3 Re8 16. Bd3 Bb7 17. Bc2 Nf5 18. Bf4 Rad8 19. Bxf5 exf5 20. Nh4 Ne7 21. Bd6 g6 22. Be5 d5 23. Bh8 d4 24. exd4 g5 25. dxc5 Qh6 26. Qf6 Qxf6 27. Bxf6 gxh4 28. Rxd8 Rxd8 29. Re1 Be4 30. f3 Bc6 31. Rxe7 Ba4 32. b3 Bxb3 33. c6 Rc8 34. c7 Ba4 35. Kb2 h6 36. Kc3 Kh7 37. Kb4 Kg6 38. Be5 Be8 39. Ka5 1-0

[Event "55th Hoogovens it"]
[Site "Wijk aan Zee NED"]
[Date "1993.01.??"]
[Round "5.1"]
[White "Illescas Cordoba, Miguel"]
[Black "Karpov, Anatoly"]
[Result "1/2-1/2"]
[WhiteElo "2615"]
[BlackElo "2725"]
[EventDate "1993.01.14"]
[PlyCount "81"]

1. Nf3 Nf6 2. c4 e6 3. Nc3 Bb4 4. Qc2 O-O 5. a3 Bxc3 6. Qxc3 d6 7. b4 b6 8. Bb2 Bb7 9. g3 c5 10. Bg2 Nbd7 11. O-O Qc7 12. d3 Rfc8 13. Rfc1 e5 14. Bh3 Re8 15. e4 Nf8 16. Nh4 Ne6 17. Qd2 Qd8 18. Bxe6 fxe6 19. Rab1 Bc6 20. Qe2 Qe7 21. Ng2 Qf7 22. Bc3 Qh5 23. Qxh5 Nxh5 24. Ne3 Rf8 25. Rb2 Nf6 26. bxc5 bxc5 27. Ba5 Kf7 28. Rcb1 Ke7 29. h4 Nd7 30. Kg2 Rab8 31. Rxb8 Rxb8 32. Rxb8 Nxb8 33. f4 Ba4 34. Bc3 Nc6 35. Kf2 Nd4 36. Ba5 exf4 37. gxf4 Nc2 38. Nxc2 Bxc2 39. Ke3 g6 40. d4 cxd4+ 41. Kxd4 1/2-1/2

[Event "55th Hoogovens it"]
[Site "Wijk aan Zee NED"]
[Date "1993.01.??"]
[Round "5.2"]
[White "Karpov, Anatoly"]
[Black "Illescas Cordoba, Miguel"]
[Result "1-0"]
[WhiteElo "2725"]
[BlackElo "2615"]
[EventDate "1993.01.14"]
[PlyCount "121"]

1. d4 d5 2. c4 c6 3. Nf3 Nf6 4. Nc3 e6 5. e3 Nbd7 6. Qc2 Bd6 7. Be2 O-O 8. O-O Re8 9. Rd1 Qe7 10. h3 h6 11. a3 a6 12. b3 dxc4 13. bxc4 e5 14. Nh4 Nf8 15. Nf5 Bxf5 16. Qxf5 exd4 17. exd4 c5 18. Be3 cxd4 19. Bxd4 Be5 20. Bxe5 Qxe5 21. Qxe5 Rxe5 22. Rab1 Rb8 23. Bf3 Rc5 24. Bxb7 Ne6 25. Nd5 a5 26. Ne3 g6 27. g3 Rc7 28. Bg2 Rxb1 29. Rxb1 Nd4 30. Rb6 Nd7 31. Rd6 Ne2+ 32. Kf1 Nc3 33. Ra6 a4 34. Bc6 Ne5 35. Nd5 Rxc6 36. Ne7+ Kg7 37. Nxc6 Nxc4 38. Ra7 Nxa3 39. Nd4 Kf6 40. f4 h5 41. Kf2 Nc4 42. Rc7 Nd2 43. Kg2 Nd5 44. Ra7 Nc3 45. Ra6+ Kg7 46. Nf3 Nc4 47. Ne5 Ne3+ 48. Kf3 Nc2 49. Nc4 Kf8 50. Ra7 Kg7 51. Ra6 Kf8 52. g4 hxg4+ 53. Kxg4 Kg7 54. f5 Kh6 55. f6 Nb4 56. Ra8 Kh7 57. Rf8 Nbd5 58. Rxf7+ Kh6 59. Rf8 Kh7 60. Rf7+ Kg8 61. Ne5 1-0

[Event "55th Hoogovens it"]
[Site "Wijk aan Zee NED"]
[Date "1993.01.??"]
[Round "5.3"]
[White "Illescas Cordoba, Miguel"]
[Black "Karpov, Anatoly"]
[Result "1/2-1/2"]
[WhiteElo "2615"]
[BlackElo "2725"]
[EventDate "1993.01.14"]
[PlyCount "91"]

1. Nf3 Nf6 2. c4 e6 3. Nc3 Bb4 4. Qc2 O-O 5. a3 Bxc3 6. Qxc3 b6 7. b4 Bb7 8. Bb2 Qe7 9. g3 c5 10. Bg2 Nc6 11. bxc5 bxc5 12. O-O Rab8 13. Rab1 Ba8 14. Ba1 d6 15. e3 Rfc8 16. Qc2 Nd7 17. d3 Nd8 18. Qc3 f6 19. Qc2 Bc6 20. Nd2 Bxg2 21. Kxg2 Nb6 22. Rb5 Qc7 23. Rfb1 a6 24. R5b3 Qc6+ 25. Kg1 Nd7 26. Ne4 Nf7 27. f4 Kf8 28. Nd2 Rxb3 29. Rxb3 Rb8 30. Bc3 Rxb3 31. Qxb3 Nd8 32. e4 e5 33. Qd1 g6 34. Kf2 Kg7 35. Nf1 Ne6 36. Qg4 Ndf8 37. Ne3 h5 38. Qd1 exf4 39. Nd5 fxg3+ 40. hxg3 Nd7 41. g4 h4 42. Qf3 Nd4 43. Bxd4 cxd4 44. Qf4 Qa4 45. Qxd6 Qc2+ 46. Ke1 1/2-1/2

[Event "55th Hoogovens it"]
[Site "Wijk aan Zee NED"]
[Date "1993.01.??"]
[Round "5.4"]
[White "Karpov, Anatoly"]
[Black "Illescas Cordoba, Miguel"]
[Result "1/2-1/2"]
[WhiteElo "2725"]
[BlackElo "2615"]
[EventDate "1993.01.14"]
[PlyCount "163"]

1. Nf3 Nf6 2. c4 e6 3. d4 d5 4. Nc3 c6 5. e3 Nbd7 6. Bd3 dxc4 7. Bxc4 b5 8. Be2 Bb7 9. O-O a6 10. a3 c5 11. dxc5 Bxc5 12. b4 Be7 13. Qb3 O-O 14. Rd1 Qc7 15. Bb2 Rac8 16. Rac1 Qb8 17. a4 bxa4 18. Qxa4 Nb6 19. Qb3 Ng4 20. e4 Bf6 21. Bd3 Nd7 22. Ne2 Nde5 23. Nxe5 Bxe5 24. g3 Bxb2 25. Qxb2 Ne5 26. Bb1 Nf3+ 27. Kg2 Ng5 28. f3 f5 29. Rd7 e5 30. Nc3 fxe4 31. fxe4 Bc6 32. Rd2 Qb7 33. h4 Nxe4 34. Bxe4 Bxe4+ 35. Kh2 Bc6 36. Re1 Rce8 37. Nd1 e4 38. Ne3 Bb5 39. Qd4 Bd3 40. Qd5+ Qxd5 41. Nxd5 h6 42. Nf4 Bb5 43. Re3 Rf6 44. Rd4 Bc6 45. Kg1 Kf7 46. Rc4 Rd6 47. Rec3 Bb5 48. Rc7+ Re7 49. Rxe7+ Kxe7 50. Kf2 Kf6 51. Rc5 Rc6 52. Nh5+ Kf7 53. Rf5+ Kg6 54. Re5 Rc4 55. g4 Kf7 56. g5 Rxb4 57. Ke3 Rb3+ 58. Kxe4 Rb4+ 59. Ke3 Rxh4 60. gxh6 gxh6 61. Nf4 Kf6 62. Rd5 Rh1 63. Nh5+ Kf7 64. Ng3 Rh2 65. Rd6 h5 66. Ne4 Kg7 67. Kf4 h4 68. Ng5 Rb2 69. Ne6+ Kg8 70. Kg4 Rb4+ 71. Rd4 Rb2 72. Kxh4 Rc2 73. Rf4 a5 74. Nd4 Rb2 75. Rf5 Rb4 76. Rxb5 Rxd4+ 77. Kg3 Ra4 78. Kf2 Ra1 79. Ke2 a4 80. Kd2 a3 81. Ra5 a2 82. Kc2 1/2-1/2